[Event "AUTO-OPEN-717"]
[Site "http://www.queenalice.com/game.php?id=231910"]
[Date "2007.6.28"]
[Round "1"]
[White "CowboyNoel"]
[Black "erickplayer"]
[Result "1-0"]
[WhiteElo "1521"]
[BlackElo "1267"]

1. e4 e5 2. Nc3 c5 3. Bb5 a6 4. Ba4 b5 5. Bb3 c4 6. Qh5 g6 7. Qxe5+ Ne7 8. Nd5
cxb3 9. Nxe7 Bxe7 10. Qxh8+ Bf8 11. axb3 Nc6 12. Nf3 d6 13. Qxh7 Qf6 14. d3 Nd4
15. O-O Ne2+ 16. Kh1 Nxc1 17. Raxc1 Bg4 18. e5 dxe5 19. Rce1 Bb4 20. Rxe5+ Kf8
21. Qh6+ Kg8 22. Rfe1 Bxe1 23. Rxe1 Qxb2 24. Ng5 Rc8 25. d4 Qc3 26. Qh7+ Kf8 27.
Qxf7# 1-0

[Event "AUTO-OPEN-717"]
[Site "http://www.queenalice.com/game.php?id=231911"]
[Date "2007.6.28"]
[Round "1"]
[White "erickplayer"]
[Black "IkeBroflovski"]
[Result "0-1"]
[WhiteElo "1273"]
[BlackElo "1570"]

1. Nf3 Nf6 2. c4 e6 3. d4 Bb4+ 4. Nc3 O-O 5. e4 Nxe4 6. Qd3 Nxc3 7. bxc3 Be7 8.
g4 d5 9. Ng5 Bxg5 10. Ba3 Nc6 11. h4 Be7 12. Rh3 Bxa3 13. h5 e5 14. h6 g6 15.
Bg2 dxc4 16. Qxc4 exd4 17. cxd4 Qxd4 18. Qc3 Bb4 19. Rc1 Bxc3+ 20. Rhxc3 Re8+
21. Kf1 Bxg4 22. Bf3 Bxf3 23. Rxf3 Ne5 24. Rxc7 Nxf3 25. Rc1 Nd2+ 26. Kg2 Qg4+
27. Kh1 Qh3+ 28. Kg1 Nf3# 0-1

[Event "AUTO-OPEN-717"]
[Site "http://www.queenalice.com/game.php?id=231912"]
[Date "2007.6.28"]
[Round "1"]
[White "IkeBroflovski"]
[Black "erickplayer"]
[Result "1-0"]
[WhiteElo "1654"]
[BlackElo "1280"]

1. Nf3 d5 2. d4 h5 3. Bf4 c6 4. e3 f5 5. c4 dxc4 6. Bxc4 Qa5+ 7. Nc3 Nf6 8. O-O
g6 9. Ng5 Ng4 10. Bf7+ Kd7 11. d5 cxd5 12. Nxd5 Bg7 13. Nc7+ Kc6 14. Rc1+ Kb6
15. Nxa8+ Ka6 16. Bc4+ b5 17. Bd5 Bb7 18. Ne6 Bxd5 19. Qxd5 Bxb2 20. Nec7+ Qxc7
21. Nxc7+ Kb6 22. Na8+ Ka6 23. Bxb8 Rxb8 24. Rc6+ Ka5 25. Qd2+ Ka4 26. Ra6# 1-0

[Event "AUTO-OPEN-717"]
[Site "http://www.queenalice.com/game.php?id=231913"]
[Date "2007.6.28"]
[Round "1"]
[White "erickplayer"]
[Black "karpano"]
[Result "0-1"]
[WhiteElo "1248"]
[BlackElo "1728"]

1. Nc3 e6 2. d4 d5 3. g4 Bb4 4. Nf3 Nf6 5. a3 Bxc3+ 6. bxc3 Nxg4 7. Bg5 Nf6 8.
Qd3 Nbd7 9. c4 O-O 10. O-O-O c6 11. c5 b6 12. Rg1 bxc5 13. Rg3 Rb8 14. Rh3 Qb6
15. Ne5 Qb2+ 16. Kd2 Ne4+ 17. Ke3 c4 18. Qd2 Nxd2 19. Kxd2 Qxd4+ 20. Kc1 Qxe5
21. e3 Qb2+ 22. Kd2 c3+ 23. Ke1 Qxc2 24. Bd3 Qb2 25. Bxh7+ Kh8 26. Rg3 Kxh7 27.
Be7 c2 28. Rh3+ Kg6 29. Rd4 c1=Q+ 30. Rd1 Qxd1+ 31. Kxd1 Rb3 32. Rg3+ Kf5 33.
Rf3+ Ke4 34. Rg3 Rd3+ 35. Ke1 Qd2+ 36. Kf1 Rh8 37. Bd6 Ne5 38. Bb4 Qc2 39. f4
Rd1+ 40. Be1 Ba6+ 41. Kg1 Rxe1# 0-1

[Event "AUTO-OPEN-717"]
[Site "http://www.queenalice.com/game.php?id=231914"]
[Date "2007.6.28"]
[Round "1"]
[White "karpano"]
[Black "erickplayer"]
[Result "1-0"]
[WhiteElo "1730"]
[BlackElo "1246"]

1. d4 Nc6 2. Nf3 d5 3. c4 e6 4. Nc3 h5 5. e3 Rh6 6. cxd5 Nb4 7. a3 Nxd5 8. Bd3
Qf6 9. Bd2 Bd6 10. Nxd5 exd5 11. O-O Rg6 12. Bxg6 Qxg6 13. Kh1 Bh3 14. gxh3
O-O-O 15. Rg1 Qf6 16. Bc3 h4 17. Qe2 c5 18. dxc5 Bxc5 19. Bxf6 Nxf6 20. Rac1 b6
21. Rxc5+ bxc5 22. Qa6+ Kb8 23. Ne5 Ne4 24. Nc6+ Kc7 25. Nxd8 Kxd8 26. Rxg7
Nxf2+ 27. Kg2 Ne4 28. Rg8+ Kd7 29. Qxa7+ Ke6 30. Re8+ Kf5 31. Qd7+ Kg6 32. Qg4+
Kf6 33. Qxh4+ Kg6 34. Rg8+ Kf5 35. Qf4+ Ke6 36. Re8+ Kd7 37. Qxf7+ Kc6 38. Rxe4
dxe4 39. Kg3 c4 40. Kf4 Kb5 41. Kxe4 Ka4 42. Qxc4+ Ka5 43. Kd5 Kb6 44. Qc6+ Ka7
45. Qb5 Ka8 46. Kc6 Ka7 47. Qb7# 1-0

[Event "AUTO-OPEN-718"]
[Site "http://www.queenalice.com/game.php?id=232271"]
[Date "2007.6.29"]
[Round "1"]
[White "Tiorrona"]
[Black "erickplayer"]
[Result "1-0"]
[WhiteElo "1259"]
[BlackElo "1192"]

1. e4 c5 2. Bc4 e5 3. Qf3 Qa5 4. Qxf7+ Kd8 5. Qxf8+ Kc7 6. Qxg7 Nc6 7. Qxh8 Nf6
8. Qxf6 Nb4 9. Qxe5+ d6 10. Qe7+ Bd7 11. Na3 Re8 12. Qxh7 Qa4 13. Bb5 Nxc2+ 14.
Kd1 Nxa1+ 15. Bxa4 1-0

[Event "AUTO-OPEN-718"]
[Site "http://www.queenalice.com/game.php?id=232299"]
[Date "2007.6.29"]
[Round "1"]
[White "IkeBroflovski"]
[Black "erickplayer"]
[Result "1-0"]
[WhiteElo "1554"]
[BlackElo "1278"]

1. Nf3 d5 2. d4 Nc6 3. c4 dxc4 4. d5 Na5 5. Qa4+ c6 6. Bd2 b5 7. Qxa5 Rb8 8.
Qxd8+ Kxd8 9. dxc6 e6 10. Ba5+ Ke8 11. e3 Nf6 12. Be2 Ne4 13. Nc3 Bd6 14. Nxe4
Be5 15. Nxe5 f6 16. Nd7 Bxd7 17. cxd7+ Kxd7 18. O-O-O+ Kc8 19. Nc5 g5 20. Nxe6
Re8 21. Bg4 Rb7 22. Ng7+ Rd7 23. Nxe8 f5 24. Bxf5 h6 25. Rxd7 Kb8 26. Be4 g4 27.
Rd8# 1-0

[Event "AUTO-OPEN-718"]
[Site "http://www.queenalice.com/game.php?id=232300"]
[Date "2007.6.29"]
[Round "1"]
[White "erickplayer"]
[Black "IkeBroflovski"]
[Result "0-1"]
[WhiteElo "1259"]
[BlackElo "1508"]

1. Nc3 d5 2. e4 d4 3. Nd5 e6 4. Bb5+ c6 5. Ba4 exd5 6. Qe2 dxe4 7. Qxe4+ Be7 8.
d3 Nf6 9. Qe5 O-O 10. Qe2 Re8 11. h4 Bb4+ 12. c3 dxc3 13. bxc3 Bxc3+ 14. Kd1
Rxe2 15. Nxe2 Qxd3+ 16. Bd2 Qxd2# 0-1

[Event "AUTO-INT-524"]
[Site "http://www.queenalice.com/game.php?id=238020"]
[Date "2007.7.11"]
[Round "1"]
[White "SGrillo"]
[Black "erickplayer"]
[Result "1-0"]
[WhiteElo "1640"]
[BlackElo "1305"]

1. e4 Nf6 2. e5 Nd5 3. Bc4 e6 4. Bxd5 exd5 5. d4 Nc6 6. c3 a5 7. Nf3 d6 8. exd6
Qxd6 9. Qe2+ Qe6 10. Qxe6+ Kd8 11. Qxf7 Ra6 12. Bg5+ Be7 13. Bxe7+ Nxe7 14. Qxg7
Re6+ 15. Ne5 Nf5 16. Qxh8+ Re8 17. Qxh7 b6 18. O-O Ba6 19. Re1 Re7 20. Nc6+ Kd7
21. Qxf5+ Kd6 22. Qf6+ Kd7 23. Rxe7+ Kc8 24. Nd2 Bb5 25. Na7+ Kb7 26. Nxb5 Ka6
27. Nxc7+ Kb7 28. Nxd5+ Ka6 29. Qxb6# 1-0

[Event "AUTO-INT-524"]
[Site "http://www.queenalice.com/game.php?id=238021"]
[Date "2007.7.11"]
[Round "1"]
[White "erickplayer"]
[Black "SGrillo"]
[Result "0-1"]
[WhiteElo "1256"]
[BlackElo "1682"]

1. d4 d5 2. Nf3 Nc6 3. Nc3 e6 4. Bg5 Be7 5. Qd2 Bxg5 6. Qxg5 Qxg5 7. Nxg5 h6 8.
Nf3 Nf6 9. Nb5 Kd7 10. g3 a6 11. Nc3 Ke7 12. e3 Bd7 13. Bh3 Nb4 14. Ne5 Nxc2+
15. Kd1 Nxa1 16. g4 Nh7 17. Nxd7 Kxd7 18. Kc1 Ng5 19. Bg2 b6 20. Kb1 Nb3 21.
axb3 c5 22. dxc5 bxc5 23. Rc1 Rab8 24. b4 Rxb4 25. e4 dxe4 26. h4 Nf3 27. Nxe4
Nxh4 28. Rd1+ Ke7 29. Nxc5 Rd8 30. Kc1 Rxd1+ 31. Kxd1 Nxg2 32. Nd3 Rd4 33. Kd2
Nf4 34. Ke3 Rxd3+ 35. Kxf4 Rb3 36. g5 hxg5+ 37. Kxg5 Rxb2 38. Kf4 a5 39. Ke5 a4
40. Kd4 a3 41. Kc3 Rb8 42. Kd3 a2 43. Kd4 a1=Q+ 44. Kc4 Rd8 45. f3 Qc1+ 46. Kb5
Rb8+ 47. Ka5 Qa1# 0-1

[Event "AUTO-INT-524"]
[Site "http://www.queenalice.com/game.php?id=238038"]
[Date "2007.7.11"]
[Round "1"]
[White "erickplayer"]
[Black "segat"]
[Result "1-0"]
[WhiteElo "1269"]
[BlackElo "1434"]

1. d4 d5 2. Qd3 Be6 3. Bd2 Nc6 4. e4 dxe4 5. Qxe4 Nxd4 6. Qd3 c5 7. g4 Bxg4 8.
h3 Be6 9. Bg2 Nf6 10. Nf3 Nd5 11. Nxd4 cxd4 12. Qxd4 Bf5 13. Bxd5 Bxc2 14. Qe5
f6 15. Qe6 h6 16. Qf7+ Kd7 17. O-O Rb8 18. Qe6+ Kc7 19. Ba5+ b6 20. Qc6# 1-0

[Event "AUTO-INT-524"]
[Site "http://www.queenalice.com/game.php?id=238039"]
[Date "2007.7.11"]
[Round "1"]
[White "segat"]
[Black "erickplayer"]
[Result "1-0"]
[WhiteElo "1487"]
[BlackElo "1288"]

1. e4 Nf6 2. e5 Nd5 3. c4 d6 4. cxd5 dxe5 5. Bd3 Qxd5 6. Nc3 Qxd3 7. Qa4+ c6 8.
Nf3 Na6 9. Nxe5 f6 10. Nxd3 e5 11. O-O h5 12. Nd5 Kd8 13. b3 Bf5 14. Qa5+ b6 15.
Qxa6 Rh6 16. Nxb6 Bxd3 17. Re1 axb6 18. Qxa8+ Ke7 19. Ba3+ c5 20. Qb7+ Kd6 21.
Qxb6+ Kd5 22. Rac1 Rg6 23. Qd8+ Bd6 24. Rxc5+ Ke6 25. Rc6 Be4 26. Rxd6+ Kf5 27.
f3 Bd3 28. Qe7 e4 29. Rd5+ Kf4 30. Bd6# 1-0

[Event "AUTO-INT-524"]
[Site "http://www.queenalice.com/game.php?id=238040"]
[Date "2007.7.11"]
[Round "1"]
[White "erickplayer"]
[Black "E2TO"]
[Result "0-1"]
[WhiteElo "1311"]
[BlackElo "1559"]

1. Nc3 e5 2. e4 Nf6 3. Bc4 Bc5 4. h4 d6 5. Rh3 Bxh3 6. gxh3 Nc6 7. Nd5 Nxe4 8.
Nf3 Nxf2 9. Qe2 Nd4 10. Kxf2 Nxe2+ 11. Kxe2 Qd7 12. d3 O-O 13. b4 b5 14. Bb3 a5
15. bxc5 a4 16. Nf6+ gxf6 17. Bh6 Kh8 18. Bxf8 Rxf8 19. Bd5 dxc5 20. Be4 f5 21.
Nxe5 Qd4 22. Nxf7+ Rxf7 23. Rf1 Qe5 24. Rxf5 Rxf5 25. Ke3 Qg3+ 26. Ke2 Qf2+ 27.
Kd1 Qg1+ 28. Ke2 Qf1+ 29. Kd2 Rf2+ 30. Kc3 Qe1+ 31. Kb2 Qb4+ 32. Kc1 Rf1# 0-1

[Event "AUTO-INT-524"]
[Site "http://www.queenalice.com/game.php?id=238041"]
[Date "2007.7.11"]
[Round "1"]
[White "E2TO"]
[Black "erickplayer"]
[Result "1-0"]
[WhiteElo "1576"]
[BlackElo "1302"]

1. e4 Nf6 2. Nc3 e5 3. d4 exd4 4. Qxd4 c5 5. Qc4 h5 6. Bg5 Nc6 7. Nd5 Qa5+ 8. c3
Bd6 9. O-O-O Ng4 10. Nh3 Bxh2 11. g3 b5 12. Qxb5 Rb8 13. Qxa5 Nxa5 14. Rd2 Nc4
15. Bxc4 f6 16. Bf4 Rb7 17. f3 Ne5 18. Bxe5 fxe5 19. Rdxh2 Rf8 20. Ng5 Rxf3 21.
Nxf3 d6 22. Rxh5 Bg4 23. Rh8+ Kd7 24. Ng5 Kc6 25. Ne3 Bd7 26. Bd5+ Kb6 27. Nc4+
Kc7 28. Bxb7 Kxb7 29. R1h7 Bb5 30. Nxd6+ Kc6 31. Nxb5 Kxb5 32. Rb8+ Kc6 33. Rxg7
a5 34. a4 Kd6 35. Rb6# 1-0

[Event "AUTO-INT-536"]
[Site "http://www.queenalice.com/game.php?id=241837"]
[Date "2007.7.18"]
[Round "1"]
[White "erickplayer"]
[Black "CampbellMarcel"]
[Result "0-1"]
[WhiteElo "1204"]
[BlackElo "805"]

1. d4 d5 2. h4 Bf5 3. Bf4 Nf6 4. Nf3 Nbd7 5. e3 e6 6. Ne5 Nxe5 7. Bxe5 Be7 8. c3
O-O 9. Na3 a6 10. g3 Ne4 11. f3 Nxg3 12. Bxg3 Bxa3 0-1

[Event "AUTO-INT-536"]
[Site "http://www.queenalice.com/game.php?id=241838"]
[Date "2007.7.18"]
[Round "1"]
[White "CampbellMarcel"]
[Black "erickplayer"]
[Result "1-0"]
[WhiteElo "775"]
[BlackElo "1234"]

1. e4 Nf6 2. e5 Nd5 3. Bc4 e6 4. d4 c5 5. Bxd5 exd5 6. Nf3 Qa5+ 7. c3 c4 8. O-O
Nc6 9. Bd2 g6 10. Re1 Qb5 11. Qc2 Be7 12. b3 d6 13. exd6 Bf5 14. bxc4 1-0

[Event "AUTO-INT-536"]
[Site "http://www.queenalice.com/game.php?id=241839"]
[Date "2007.7.18"]
[Round "1"]
[White "erickplayer"]
[Black "drpehrson"]
[Result "0-1"]
[WhiteElo "1317"]
[BlackElo "1578"]

1. d4 g6 2. a4 a5 3. Nc3 b6 4. f4 Bg7 5. d5 d6 6. Ra3 Ra7 7. Be3 e6 8. Rb3 Ne7
9. g4 O-O 10. Nb5 Rb7 11. Nf3 Nxd5 12. Bd4 Bxd4 13. Nfxd4 Nxf4 14. Rc3 Nd5 15.
Nc6 Nxc6 16. Rxc6 Ne3 17. Qd4 Nxf1 18. Rxc7 Rxc7 19. Nxc7 Qxc7 20. Rxf1 e5 21.
Qd3 Bxg4 22. Qg3 Bf5 23. Qf3 Qxc2 24. e4 Bxe4 25. Rf2 Qb1+ 26. Ke2 Bxf3+ 27.
Rxf3 Qxb2+ 28. Ke3 Qxh2 29. Rf2 Qh3+ 30. Rf3 Qd7 31. Kf2 f5 32. Rg3 Qxa4 33. Re3
Rc8 34. Ke2 Rc2+ 35. Kd1 Rc3+ 36. Kd2 Qc2+ 37. Ke1 Rxe3+ 38. Kf1 Rb3 39. Ke1
Rb1# 0-1

[Event "AUTO-INT-536"]
[Site "http://www.queenalice.com/game.php?id=241840"]
[Date "2007.7.18"]
[Round "1"]
[White "drpehrson"]
[Black "erickplayer"]
[Result "1-0"]
[WhiteElo "1565"]
[BlackElo "1292"]

1. c4 e5 2. g3 Nf6 3. e3 c5 4. Bg2 g6 5. h3 Bh6 6. d3 Qa5+ 7. Nc3 Nc6 8. Ne2 Nb4
9. a3 Nc6 10. O-O O-O 11. Bd2 Nh5 12. Kh2 d6 13. f4 exf4 14. exf4 Bf5 15. Ne4
Qa6 16. g4 Bxf4+ 17. Nxf4 Nxf4 18. Bxf4 Rae8 19. Bxd6 Ne7 20. Nf6+ Kh8 21. Nxe8
Rxe8 22. Bxc5 b6 23. Bd4+ Kg8 24. gxf5 b5 25. fxg6 Qd6+ 26. Kh1 Qxd4 27. gxf7+
Kf8 28. fxe8=Q+ Kxe8 29. Qh5+ Ng6 30. Rae1+ Kd7 31. Qxh7+ Kc8 32. Re8+ Qd8 33.
Rxd8+ Kxd8 34. Qxa7 Nh4 35. Rf8# 1-0

[Event "AUTO-INT-536"]
[Site "http://www.queenalice.com/game.php?id=241841"]
[Date "2007.7.18"]
[Round "1"]
[White "erickplayer"]
[Black "Alx"]
[Result "0-1"]
[WhiteElo "1248"]
[BlackElo "1580"]

1. d4 d5 2. a4 e6 3. Nc3 c6 4. g4 Qh4 5. Nf3 Qxg4 6. h3 Qh5 7. Bf4 Na6 8. Rg1 f6
9. Qd3 Nb4 10. Qd2 h6 11. Nb5 Rb8 12. Bxb8 e5 13. Nc7+ Kd7 14. dxe5 fxe5 15. c3
Na6 16. Nxa6 e4 17. Nc5+ Bxc5 18. Rxg7+ Ke8 19. Qf4 b6 20. Bc7 Be6 21. Ne5 Be7
0-1

[Event "AUTO-INT-536"]
[Site "http://www.queenalice.com/game.php?id=241842"]
[Date "2007.7.18"]
[Round "1"]
[White "Alx"]
[Black "erickplayer"]
[Result "1-0"]
[WhiteElo "1527"]
[BlackElo "1295"]

1. Nc3 e5 2. e4 c5 3. Qh5 Qe7 4. Nd5 g6 5. Qe2 Qg5 6. Qb5 Na6 7. d3 Qg4 8. Nf3
Nb4 9. Nxb4 cxb4 10. Qxe5+ Be7 11. Qxh8 Kf8 12. Qxh7 d5 13. Ne5 b3 14. Qxf7# 1-0

[Event "QA-ANNIV-03"]
[Site "http://www.queenalice.com/game.php?id=246871"]
[Date "2007.7.27"]
[Round "2"]
[White "tpstar"]
[Black "erickplayer"]
[Result "1-0"]
[WhiteElo "2126"]
[BlackElo "1269"]

1. e4 e5 2. Nf3 Qe7 3. Nc3 c5 4. Bc4 Nh6 5. d3 Nc6 6. Nd5 Qd6 7. Bxh6 gxh6 8.
Nh4 Be7 9. Nf5 Rg8 10. Nxd6+ Bxd6 11. Nf6+ Kf8 12. Nxg8 Kxg8 13. Qh5 Nd8 14.
Qxh6 b5 15. Qg5+ Kf8 16. Qxd8+ Kg7 17. Bd5 Rb8 18. Qg5+ Kf8 19. Qf6 Ke8 20.
Bxf7+ Kf8 21. Bg6+ Kg8 22. Qf7+ Kh8 23. Qxh7# 1-0